000 00742nam a22002291 4500
001 bimo0001276112
003 OSt
005 20141127213002.0
008 960722s1959 an spa
040 _cBMC
082 _a200.800
100 1 _911889
_aParvillez, Alphonse de
245 1 3 _aLa pluma al servicio de Dios
_cAlphonse de Parvillez ; [versión española de Tomás Lamarca]
260 0 _aAndorra
_bCasal y Vall
_c1959
300 _a154 p., 3 h.
_c19 cm
490 0 _aYo sé - Yo creo
_v114
594 _1En la port.: Undécima parte : las letras cristianas
595 _aTraducción de: La plume au service de dieu
650 2 4 _aCristianismo y literatura
_911897
700 1 _aLamarca, Tomàs‏
_911850
942 _2ddc
_cBK
999 _c6000
_d6000